| 000 | 00719nam a2200265 i 4500 | ||
|---|---|---|---|
| 001 | bg | ||
| 100 | 1 | _aMcKELLEN, J. S. | |
| 245 | 0 |
_aGeneral usage / _cJ. S. McKellen. |
|
| 250 | _a[6th impr.]. | ||
| 260 |
_aLondon : _bPenguin Books, _ccop.1990. |
||
| 300 |
_a95 s. : _brys. ; _c23 cm. |
||
| 490 | 1 | _aTest Your Business English | |
| 521 | _aFor intermediate students. | ||
| 650 | 9 |
_aZarządzanie _xsłownictwo |
|
| 650 | 9 | _aJęzyk angielski | |
| 655 | _aPodręczniki akademickie | ||
| 830 | _aTest Your Business English | ||
| 020 | _a0140816488 | ||
| 040 | _cBPK | ||
| 041 | 0 | _aen | |
| 080 | _a811.111(075.8):65 | ||
| 920 | _a0-14-081648-8 | ||
| 942 | _cKS | ||
| 008 | s pl f |000 0 pol | ||
| 999 |
_c32839 _d32839 |
||
| 856 |
_uhttp://koha.tu.koszalin.pl/cgi-bin/koha/opac-detail.pl?biblionumber=32839 _yKatalog online BPK |
||